000 00860nam a2200253Ia 4500
003 OSt
005 20220923221033.0
006 a|||||r|||| 00| 0
007 ta
008 220922b |||||||| |||| 00| 0 hin d
024 _a194,223
037 _cTextual
040 _aARTS
_cARTS
_bhin
041 _2hin
_ahin
082 _aO152,3:g, M1
100 _aअग्रवाल, सरोज
_9156275
245 0 _aहिन्दी उपन्यासों में खलपात्र
246 _aHindī upanyāsoan mean khalapātra
260 _aइलाहाबाद
_b एम दास एण्ड कम्पनी
_c1981
300 _a396पृ.
_ccm.
650 _aहिन्दी साहित्य
_9156264
942 _hO152,3:g, M1
_cTEXL
_2CC
999 _c346487
_d346487